00213nam a22000977a 4500008004100000082001100041245002600052260000900078300001000087440001800097180730b xxu||||| |||| 00| 0 eng d a815.32 aChinese linkcWu, S.M c2006 a4fCD x9780131546684